000 00724nam a2200217Ii 4500
003 JO-AjNU
008 230605s9999||||xx |||||||||||||| ||und||
017 _a1981/2222
020 _a177-306-266
040 _aJO-AjNU
_bara
_erda
_cJO-AjNU
041 _aara
050 1 4 _aGV447.R3 1981
100 3 _aالرملى، عباس عبد الفتاح,
_eauthor
_917637
245 0 0 _aالقانون الدولي لمنافسات المبارزة
264 3 1 _aالقاهرة: دار الفكر العربي، 1981
300 _a300ص
336 _atext
_btxt
_2rdacontent
337 _aunmediated
_bn
_2rdamedia
338 _avolume
_bnc
_2rdacarrier
650 4 _aالمنافسات الرياضية - قانون دولي
_917638
999 _aA5490
_c9058
_d9058